000 01194nam a2200313 4500
001 0000017163
003 CO-CtgCURN
005 20250331183909.0
007 ta
008 160627s1997 000 0 eng d
020 _a958961860X
040 _aCO-CtgCURN
_bspa
_ccoctgcurn
082 0 _a111
_bE72d
100 1 _aEscobar Triana, Jaime.
245 1 0 _aDimensiones ontologicas del cuerpo :
_buna vision filosofica del cuerpo y su relacion con el ejercicio de la medicina /
_cJaime Escobar Triana.
260 _aBogotá :
_bEdiciones El Bosque,
_c1997.
300 _a179 p.
336 _2rdacontent
337 _2rdamedia
_asin mediacion
_bn
338 _2rdacarrier
_avolumen
_bnc
490 1 _aBios y ethos ;
_v2
504 _aBibliografia (p. 171-179)
505 8 _aEl dualismo psico-fisico cartesiano como paradigma de la medicina.--La crisis de las ciencias.--Dimensiones ontologicas del cuerpo.--Relaciones con el projimo.--Caracteristicas de la realidad humana
650 1 4 _aOntologĂ­a.
908 _a160627
942 _cBK
_h111
_iE72d
_2ddc
999 _c16860
_d16860